| 000 | 01019cab a2200241 4500 | ||
|---|---|---|---|
| 001 | WB3311-45 | ||
| 008 | 090401t1997 xxu||||| |||| 00| 0 eng d | ||
| 035 | _a(Sirsi) u77098 | ||
| 041 | _aeng | ||
| 245 | _aLocal plan | ||
| 260 | _c1997 | ||
| 350 | _a0 | ||
| 490 |
_aEstates Gazette Case Summaries _v1997 EGCS 26 (8/3/97) |
||
| 520 | _a"Miller and others v Wycombe DC" CA 27 February 1997. Owners of a six-acre site objected to local plans for a green space designation. Inquiry held and inspector recommended removal of designation. WDC did not accept recommendation. Owners applied to quash WDC`s decision on grounds that they failed to give proper reasons. WDC appealed. Appeal dismissed. | ||
| 650 | _aDESIGNATION | ||
| 650 | _aGREEN SPACE | ||
| 650 | _aMILLER AND OTHERS V WYCOMBE DC | ||
| 650 | _aTOWN AND COUNTRY PLANNING (DEVELOPMENT PLAN) REGULATIONS 1991 | ||
| 650 | _aTOWN AND COUNTRY PLANNING ACT 1990 | ||
| 690 | _aPLANNING LAW AND PRACTICE-CASE LAW | ||
| 942 | _n0 | ||
| 948 | _c14/03/1997 | ||
| 999 |
_c48460 _d48460 |
||